000 00617nam a22002297a 4500
999 _c338027
_d338027
001 51936
003 UA-OsUOA
005 20200218102014.0
007 ta
008 20080128b un ||||| |||| 00| 0 ukr d
040 _aUA-OsUOA
_bukr
_cUA-OsUOA
_dUA-OsUOA
041 _aukr
080 _a82.09
090 _a82.09
_bФ30
100 _aФащенко В.
245 _aІз студій про новелу
260 _aК.
_bРадянський письменник
_c1971
300 _a213 с.
650 7 _a82 Література. Літературознавство
_2UDC
942 _cBK
_2udc
955 _a1